[Event "Match 79__120'/40"]
[Site "Zürich"]
[Date "2025.??.??"]
[Round "50"]
[White "Mephisto Polgar sel. 5"]
[Black "Mephisto Explorer Pro"]
[Result "0-1"]
[WhiteElo "1981"]
[BlackElo "2013"]
[Annotator "31,5-18,5 for Mephisto Explorer Pro"]
[PlyCount "145"]
[EventDate "2024.10.21"]
[EventType "match"]
[SourceVersionDate "2024.10.21"]

{[%evp 0,145,19,38,25,16,14,22,8,16,17,21,15,23,11,4,8,6,17,9,17,29,30,22,32,23,25,8,37,37,35,35,37,35,36,16,26,-22,-16,-25,-30,1,25,11,24,14,25,11,65,32,35,14,19,19,15,-28,8,0,2,-7,21,-15,-19,2,-8,-8,-1,-29,-26,-16,-28,-69,-81,-98,-121,-119,-125,-150,-96,-101,-26,-92,-102,-89,-99,-101,-101,-90,-99,-121,-118,-342,-359,-378,-372,-391,-388,-391,-399,-391,-373,-396,-396,-435,-464,-448,-461,-464,-408,-470,-341,-344,-347,-345,-345,-344,-366,-367,-370,-379,-379,-379,-408,-418,-372,-415,-379,-378,-378,-394,-390,-390,-394,-412,-412,-412,-412,-500,-520,-1123,-1287,-1806,-1934,-2162,-1108,-1330,-1163,-1330]} 1. e4 e5 {Match 120'/40 | Bediener: Rolf Bühler | 50. Partie: Schwarz (Mephisto Explorer Pro) gewinnt | Endstand: 31,5--18,5 (63%) für Mephisto Explorer Pro / hypothetisch: 31,0-19,0 (62%) für Mephisto Explorer Pro | Eröffnung: Spanisches Vierspringerspiel, Capablanca-Metger-Variante 10...Lg4 | Eine sehr schwierige Partie mit dem bald üblichen besseren Ende für den Mephisto Explorer Pro, der damit dieses Match völlig überlegen gewinnt.} 2. Nf3 Nc6 3. Nc3 Nf6 4. Bb5 {Dr. Max Euwe in "Theorie der Schacheröffnungen" 1962 schreibt dazu: Das Vierspringerspiel der Spanischen Partie zählte zu Beginn unseres Jahrhunderts zu den wichtigsten Eröffnungen, aber es geriet aufgrund der Rubinstein-Verteidigung 4...Sd4 fast in Vergessenheit, da gegen diese Verteidigung keine klare Angriffsmethode gefunden wurde. Im Augenblick sieht man im Spanischen Vierspringerspiel das geeignete Mittel, um auf sichere Art dem Remis zuzusteuern.} Bb4 5. O-O O-O 6. d3 d6 7. Bg5 Bxc3 8. bxc3 Qe7 {***ENDE BUCH***} 9. Re1 Nd8 10. d4 {***ENDE BUCH***} Bg4 {Dr. Max Euwe, Theorie der Schach-Eröffnungen: Schwarz möchte vermeiden, dass dieser Läufer durch die Verstellung Sd8-e6 zur zeitweiligen Untätigkeit verurteilt wird. Diese Idee stammt von Capablanca. Sie ist ein interessanter Versuch, das Metger-System zu verstärken.} (10... Ne6 {ist die ursprüngliche Metger-Variante} 11. Bc1 c5 12. d5 Nc7 13. Bd3 {moderner ist der Rückzug nach f1} Nfe8 14. Rb1 $14) 11. h3 (11. Bf1 Ne6 12. Bc1 Bxf3 13. gxf3 $2 Nh5 $1 $19 {0-1 (39) Bernstein,J-Capablanca,J New York 1916}) 11... Bh5 12. Rb1 (12. g4 Bg6 13. d5 c6 14. Bd3 cxd5 15. exd5 b6 16. Nd4 Rc8 17. f4 Ne6 $11 {½-½ (38) Buecker,J (2529)-Ostriker,J (2564) ICCF email 2017}) 12... Ne6 13. Bh4 {Hier hat der Läufer nach der möglichen Antwort 13...g5 weniger Perspektiven als auf der Diagonale c1-h6.} Nf4 (13... g5 {ist schärfer} 14. Bg3 Nf4 {denn nun kommt} 15. Bxf4 $6 {kaum in Frage wegen der Öffnung der g-Linie} gxf4 $15 {und Schwarz steht etwas besser.}) 14. Bc4 c6 15. a4 {Verhindert die Anrempelung mit b7-b5.} b6 16. Kh1 {Ein seltsames Manöver. Den Vorzug verdienen: 16.Lg5 oder 16.a5 oder 16.Lf1.} Rfe8 17. Kh2 {Nach dem vorhergehenden sinnlosen Manöver 16.Kh1 nun also 16.Kh2. Mephisto Polgar weiss nicht, was tun, bzw. hat den Faden verloren.} Rac8 18. Ba6 Rcd8 19. Kg1 {Aha, die Planlosigkeit geht weiter. Dass Schwarz aus den drei weissen Königsmanövern in den letzten drei Zügen nicht spürbar profitieren kann, bestätigt die Ausgeglichenheit der Stellung.} Ne6 {Schade, einen derart gut postieren Springer abzuziehen.} 20. Be2 Bg6 {Schwarz ahmt den Gegner nach, seine Figuren etwas schlechter zu platzieren. Am besten war es, mit 20...Sf4 den letzten Zug zurückzunehmen.} 21. Bc4 Nf4 22. Qd2 N4h5 {Was um himmels willen soll denn das?} 23. Qd1 Rd7 (23... Qc7 {ist besser}) 24. Nd2 Nf4 {Gemäss meiner Engine hätte Weiss nun in Vorteil kommen können.} 25. f3 {Besser 25.Lf1 usw.} ({PROMENADE-avx2:} 25. Bf1 {+/- 1.15 (82%) ST 49} Qd8 26. c4 Ne6 27. d5 Nc5 28. Ra1 Rc7 29. f3 Qb8 30. Bf2 Nfd7 31. a5 bxa5 32. Rxa5 h6 33. g4 a6 34. Qa1 Rec8 35. Rb1 Rb7 36. Rxb7 Qxb7 37. Qa3 f6 38. Nb3 cxd5 39. cxd5 Be8 40. h4 Kh7 41. Nd2 Qc7 42. Nc4 h5 43. g5 fxg5 44. hxg5 h4 45. Be3 Rb8 46. Qa1 Bh5 47. Nd2 Nf8 48. Bh3 Kh8 49. Kh2 Ng6 50. Qc3 Nf4 51. Bxf4 exf4 {[%eval 115,49] [%wdl 634,366,0]}) 25... Rdd8 26. Nb3 $11 {Hier steht das Ross nicht optimal. Von der Stellungsstruktur her sollte Weiss versuchen, etwas Vorteil zu erlangen und seinen Springer nach e3 überführen, wo er die Felder c4, d5, f5 und g4 beherrscht.} (26. Nf1 Qc7 {droht mit ...d5 auszugleichen} 27. dxe5 dxe5 28. Qc1 Rd7 29. Ne3 $14) 26... a6 {Keine gute Idee, weil Weiss nun klaren Vorteil erhält, was durch unsere Oldies aber nicht zu erkennen ist. Richtiger waren ...Dc7 oder ...d5.} 27. Bxa6 $1 Ra8 28. Bf1 $1 Rxa4 29. Nd2 $1 $16 {Die letzten drei Züge waren durchwegs die besten für Weiss.} Rb8 30. g3 {Nur mit 30.Sc4 oder 30.Tb4 und 30.Lf2 war Vorteil möglich.} Ne6 31. Ra1 Rxa1 32. Qxa1 b5 $11 {Die Stellung befindet sich im Gleichgewicht.} 33. Be2 Qc7 34. Bxf6 {Der Abtausch dieses abseits stehenden Läufers ist verständlich. Wenn jedoch der Mephisto Polgar damit einen positionellen Vorteil erwartet hat, wird er bitter enttäuscht. Die Schwächung der gegnerischen Bauern- und Königsstellung fällt hier nicht ins Gewicht, weil Weiss diese Schwächen nicht auszunutzen vermag. Andererseits kann Schwarz nun mit f6-f5 aktiv werden.} gxf6 {[#]} 35. Rb1 $2 $19 {[%mdl 32768] Eigentlich schon ein ***VERLUSTZUG***, weil Schwarz grossen Vorteil erhält, was sich fast nicht mehr reparieren lässt.} (35. Kg2 {wird von Stockfish dev-20250213-fa6c30af als die beste Verteidigung angesehen.} d5 36. Bd3 $11) (35. Bd3 d5 36. Kg2 {ist nur Zugumstellung zum Vorschlag von Stockfish.}) (35. g4 $2 {um ...f5 zu verhindern, ist ganz schlecht wegen} exd4 36. cxd4 d5 37. Nf1 (37. exd5 Qg3+ 38. Kh1 Qxh3+ 39. Kg1 Qg3+ 40. Kh1 Nf4 $19) 37... dxe4 38. fxe4 Bxe4 $19) 35... f5 {Energisch ergreift Schwarz die Initiative; 35...d5 war hier aber gar noch stärker. Aber Stockfish 17 sieht auch nach dem Textzug schon fast entscheidenden Vorteil für Schwarz mit -+ (-2.19) (0%) ST 42.} 36. Kg2 {Der neueste Stockfish dev-20250213-fa6c30af erachtet 36.Tf1 als beste Verteidigung, sieht Schwarz aber mit -+ (-2.56) (0%) ST 45 ebenfalls entscheidend im Vorteil. Dieser hohe Wert hat damit zu tun, dass die weissen Figuren schlecht stehen und die Königsstellung geschwächt ist.} fxe4 {Eine gute Fortsetzung, auch wenn die Engines 36...Dd8 bevorzugen, womit die schwarze Dame schnell an den Königsflügel gebracht werden kann.} 37. fxe4 Ng5 {Eine für Menschen als auch für unsere Oldies sehr schwierige Stellung, da grosse Rechenarbeit für lange Varianten mit Einschätzung den jeweiligen Endstellung notwendig sind.} 38. Bd3 {Aus Sicht unserer Lieblinge die logische Antwort. Stockfish 17 auf ST 46 macht keine Anstalten, den Bauern zu decken und findet 38.Tf1 und 38.Kh2 besser als 38.Lf3 oder 38.Ld3, denn diese beiden Züge erhalten eine deutlich schlechtere Bewertung. So etwas am Brett zu erkennen, ist übermenschlich und vollkommen unmöglich für unsere Oldies.} ({Stockfish 17: 1)} 38. Rf1 {-2.84(0%)/46} Qe7 39. Bf3 d5 40. h4 Nxf3 41. Rxf3 dxe4 42. Re3 f5 43. Qf1 Qd6 44. Nb3 f4 45. dxe5 f3+ 46. Kh2 Qd5 47. Qf2 Ra8 48. Qe1 Rf8 49. Qf2 Qxe5 50. Nd2 h6 51. Kg1 Kg7 52. Kh2 Re8 53. Kg1 Qf6 54. Kh1 h5 55. Kh2 Re7 56. Kg1 Qd6 57. Nf1 Qe5 58. Nd2 Rf7 59. Nf1 Rf6 60. Nh2 $19 {aber selbst diese "Gewinnstellung" wäre bei unseren Oldies noch nicht klar.}) ({Stockfish 17: 2)} 38. Kh2 {-2.85(0%)/45} Nxe4 39. Nxe4 Bxe4 40. h4 exd4 41. cxd4 Bxc2 42. Re1 Be4 43. Qc1 f5 44. Qf4 Re8 45. Bf3 Qe7 46. Bh5 Rf8 47. Bf3 d5 48. Rf1 Qg7 49. Qe3 Re8 50. Bg2 Qg6 51. Qd2 Kh8 52. Rf4 h6 53. Qa5 Rg8 54. Qe1 Qe6 55. Qf2 Rf8 56. g4 Qd6 57. Kh1 Bc2 58. Rf3 Bb1 59. Rf4 b4 60. gxf5 b3 61. Rf3 Bc2 $19 {auch diese Stellung müsste noch ausgespielt werden.}) (38. Bf3 {kann gemäss den Engines wie folgt zum Verlust führen:} Nxf3 39. Kxf3 {Stockfish 17 bevorzugt 39.Sxf3 Lxe4, was man als Mensch nicht begreifen kann.} Qd8 $3 {-+ (-3.59) (0%) Eine tolle Überraschung.} 40. c4 Qf6+ 41. Kg2 exd4 42. Rf1 Qe5 43. Qa7 Re8 44. cxb5 cxb5 45. Qd7 Kg7 46. Rf4 Re6 47. Qa7 Rf6 48. Rxf6 Qxf6 49. h4 {verhindert ...Dg5} (49. Qb7 Qg5 50. Nf1 Qc5 $19) (49. Qa1 Qe5 50. Kf3 Bxe4+ $1 $19) 49... Qe5 50. Qa8 Qc5 51. Qa1 Qc3 52. Qd1 Qe3 53. Kh3 Bxe4 54. Nxe4 Qxe4 $19 {(-6.84) (0%) aber selbst diese für Engines klare Gewinnstellung würde unseren Oldies noch grosses Kopfzerbrechen bereiten.}) 38... exd4 $6 {Nur die drittbeste Antwort mit -+ (-1.66)} (38... Qd7 $1 {-+ (-4.39)}) (38... d5 {-+ (-3.76)}) 39. cxd4 Re8 {[#]} 40. Rh1 $2 $19 {[%mdl 32768] ***VERLUSTZUG*** Die einzige Verteidigung, die Widerstand leistet, nämlich 40.Te1, findet Weiss nicht.} Nxe4 41. Nxe4 Bxe4+ 42. Bxe4 Rxe4 {Auch wenn die Engines das als klare Gewinnstellung mit einem Plus von über 3 Bauerneinheiten einschätzen, ist die Sache für unsere Oldies noch nicht klar.} 43. Rf1 d5 44. Qa8+ Kg7 45. c3 Re2+ 46. Rf2 Qe7 47. Rxe2 Qxe2+ 48. Kg1 Qe3+ 49. Kg2 Qd2+ 50. Kf1 Qxc3 {Damit ist der Fall erledigt. Weiss kann nur noch auf eine Dummheit des Gegners durch ein Dauerschach mit der Dame rechnen.} 51. Kg2 Qd2+ 52. Kh1 Qe1+ 53. Kg2 Qe4+ 54. Kh2 Qxd4 55. Qxc6 Qf2+ 56. Kh1 Qxg3 57. Qxd5 Qxh3+ 58. Kg1 Qe3+ 59. Kh2 b4 60. Qg2+ Kf6 61. Qc6+ Kf5 62. Qd7+ Qe6 63. Qd3+ (63. Qb5+ {erobert keinen Bauern, sondern verliert wegen Damentausch} Qe5+ 64. Qxe5+ Kxe5) 63... Qe4 64. Qb3 Kf6 65. Qd1 Kg5 66. Qb3 Qf4+ 67. Kh1 h5 68. Kg1 h4 69. Qb2 h3 70. Qg7+ Kh4 71. Qh7+ Kg3 72. Qd3+ Kg4 {Schwarz hat Mattangriff} 73. Qe2+ {***AUFGEGEBEN***} 0-1